00418 2200169 4500001002100000008004100021035002000062245003600082100001700118260002400135300002000159020002200179084001400201082000800215650001000223990001500233INLIS000000000003255 ind  a0010-1225000076 aOn Her Wedding DaycRatna Tiana aTiana, Ratna aJakarta :bGramedia a240c13,5x20 cm a978-602-06-7900-6 a813 TIA o a813 aFiksi a19730/B/26